000 00591cam a22002053a 4500
001 34974
003 PGUSA
005 20140828083744.0
008 110115s2011||||xxu|||||s|||||000 | eng d
040 _aPGUSA
_beng
042 _adc
100 1 _aWard, Nathaniel,
_d1578-1652
245 1 4 _aThe Simple Cobler of Aggawam in America
_h[electronic resource] /
_cNathaniel Ward
260 _bProject Gutenberg,
_c2011
506 _aPublic domain in the USA.
516 _aElectronic text
830 0 _aProject Gutenberg
_v34974
856 4 0 _uhttp://www.gutenberg.org/ebooks/34974
942 _cEB
999 _c264229
_d264229